[Event "22nd World Seniors Open"]
[Site "Kamena Vourla GRE"]
[Date "2012.11.18"]
[Round "6.8"]
[White "Van Riemsdijk,H"]
[Black "Piasetski,L"]
[Result "0-1"]
[WhiteElo "2388"]
[BlackElo "2298"]

1.e4 g6 2.d4 Bg7 3.Nc3 d6 4.g3 Nc6 5.d5 Nb8 6.Bg2 e5 7.dxe6 fxe6 8.h4 h6
9.Be3 Nc6 10.h5 g5 11.f4 gxf4 12.gxf4 e5 13.f5 Nd4 14.Nd5 c6 15.Bxd4 cxd5
16.Bf2 dxe4 17.Qg4 Qg5 18.Qxg5 hxg5 19.O-O-O Ke7 20.Be3 Bxf5 21.Bxg5+ Bf6
22.Be3 Nh6 23.Rf1 Rag8 24.Bh3 Bxh3 25.Rxh3 Ke6 26.Ne2 Nf5 27.Bxa7 Ra8 28.Ra3 Rxh5
29.Nc3 d5 30.Ra5 Bd8 31.Rxd5 Bg5+ 32.Kb1 Rxa7 33.Rb5 Nd6 34.Rb4 Bd2  0-1

[Event "VIII Governor's Cup"]
[Site "Khanty-Mansiysk RUS"]
[Date "2012.11.18"]
[Round "4.6"]
[White "Geller,J"]
[Black "Romanov,E"]
[Result "0-1"]
[WhiteElo "2559"]
[BlackElo "2616"]

1.e4 g6 2.d4 Bg7 3.Nc3 d6 4.Be3 a6 5.Bd3 Nd7 6.Nf3 c5 7.O-O cxd4 8.Bxd4 Ngf6
9.Nd5 O-O 10.c4 Nxd5 11.Bxg7 Ne3 12.Qc1 Nxf1 13.Qh6 f6 14.Bxf8 Qxf8 15.Qxf8+ Kxf8
16.Kxf1 Nc5 17.Bc2 e5 18.Nd2 Ne6 19.Ke2 Bd7 20.Ke3 Ke7 21.g3 Rc8 22.Bd3 Nd4
23.Nb3 Nc6 24.Rc1 Nb4 25.a3 Nxd3 26.Kxd3 f5 27.f3 g5 28.Nd2 h5 29.exf5 Bxf5+
30.Ke3 d5 31.f4 d4+ 32.Kf2 exf4 33.gxf4 g4 34.Nb3 d3 35.Nd4 Kf6 36.Nxf5 Kxf5
37.Ke3 Rd8 38.Kd2 h4 39.Re1 g3 40.hxg3 hxg3 41.Re7 Rg8  0-1

[Event "Plzen Open 2012"]
[Site "Plzen CZE"]
[Date "2012.11.19"]
[Round "2"]
[White "Waisberg,A"]
[Black "Bartos,J"]
[Result "0-1"]
[WhiteElo "1965"]
[BlackElo "2191"]

1.e4 g6 2.d4 Bg7 3.Nc3 d6 4.Bc4 Nf6 5.Bb3 O-O 6.Bg5 h6 7.Bh4 Nc6 8.f4 Nh5
9.Nge2 Na5 10.O-O Nxb3 11.axb3 c6 12.f5 Kh7 13.Qd3 gxf5 14.exf5 Bf6 15.Bxf6 Nxf6
16.Ne4 d5 17.Nxf6+ exf6 18.Rf3 Rg8 19.Rg3 Bd7 20.Rf1 Qc7 21.Nf4 Rxg3 22.Qxg3 Bxf5
23.Qh4 Bxc2 24.Qxf6 Rg8 25.Rf3 Bg6 26.Nxg6 fxg6 27.Qe6 Rg7 28.Re3 Qf4 29.Qe5 Qxe5
30.dxe5 Re7 31.g3 Kg7 32.b4 a6 33.Kg2 Kf8 34.Rf3+ Rf7 35.Re3 Ke7  0-1

[Event "VIII Governor's Cup"]
[Site "Khanty-Mansiysk RUS"]
[Date "2012.11.20"]
[Round "6.6"]
[White "Frolyanov,D"]
[Black "Khismatullin,D"]
[Result "1/2-1/2"]
[WhiteElo "2556"]
[BlackElo "2646"]

1.e4 g6 2.d4 Bg7 3.Nc3 d6 4.Be3 a6 5.a4 b6 6.Nf3 e6 7.Bd3 Bb7 8.O-O Nd7 9.Qd2 Ngf6
10.h3 O-O 11.Bg5 c5 12.Bh6 cxd4 13.Nxd4 Qc7 14.Bxg7 Kxg7 15.Nde2 Qc5 16.Ng3 Rfd8
17.Rfe1 Rac8 18.Nf1 Qd4 19.Qe3 Qb4 20.Reb1 Rc7 21.Nd2 Rdc8 22.Nb3 Ne5 23.a5 Nxd3
24.Ra4 b5 25.Rxb4 Nxb4 26.Nd4 Rc5 27.Rd1 h6 28.Rd2 e5 29.Nb3 R5c6 30.Nc1 R8c7
31.Nd3 Nxd3 32.cxd3 b4 33.Ne2 Rc5 34.Kh2 Rd7 35.d4 Rxa5 36.f3 Rb5 37.Rc2 a5
38.Qb3 exd4 39.Nxd4 Rc5 40.Rd2 Rdc7 41.Nc2 Bc8 42.Ne3 Be6 43.Qd3 a4 44.Qa6 a3
45.bxa3 R7c6 46.Qa4 b3 47.Nd5 Bxd5 48.exd5 Rb6 49.Rb2 Rcb5 50.Qd4 Rb7 51.a4 Rb4
52.Qc3 Rxa4 53.Rxb3 Rxb3 54.Qxb3 Rd4 55.Qc3 Rxd5 56.f4 Rf5 57.Qd4 Rd5 58.Qc3 Rf5
59.Qd4 Rd5  1/2-1/2

[Event "22nd World Seniors Open"]
[Site "Kamena Vourla GRE"]
[Date "2012.11.21"]
[Round "8.9"]
[White "Jansa,Vl"]
[Black "Nielsen,PE2"]
[Result "1-0"]
[WhiteElo "2451"]
[BlackElo "2093"]

1.e4 g6 2.d4 d6 3.Nc3 Bg7 4.Be3 Nd7 5.Qd2 c6 6.Nf3 Qc7 7.Bd3 e6 8.O-O-O Ne7
9.Bh6 Bxh6 10.Qxh6 Nf8 11.h4 Rg8 12.e5 Nf5 13.Qf4 d5 14.g4 Ne7 15.Ne2 c5
16.dxc5 Nc6 17.Ned4 f5 18.Nb5 Qe7 19.Nd6+ Kd8 20.c4 fxg4 21.Ng5 h5 22.cxd5 exd5
23.Ngf7+ Kd7 24.Rhe1 Ne6 25.Qh6 Qf8 26.Qxf8 Nxf8 27.Bc2 Ne6 28.Rxd5 Ke7 29.Red1 Kf8
30.Bb3 Na5 31.Ba4 Rg7 32.Nd8 Nf4 33.R5d4 Bd7 34.Bxd7 Rxd7 35.N8f7 Rxf7 36.Nxf7 Kxf7
37.b4 Nc6 38.Rd7+ Ke6 39.Rxb7 Nxe5 40.Rd6+ Kf5 41.Kc2 Nh3 42.c6 Rc8 43.c7 Nxf2
44.Rd8 Rxc7+ 45.Rxc7 g3 46.Kb3 g2 47.Rc1 Nf3 48.b5 Kg4 49.a4 Ne4 50.Kb4 Ned2
51.Rxd2 Nxd2 52.Rg1 Kf3 53.a5 Ne4 54.b6 axb6 55.a6 Nf6 56.a7 Nd5+ 57.Kb5  1-0

[Event "VIII Governor's Cup B"]
[Site "Khanty-Mansiysk RUS"]
[Date "2012.11.21"]
[Round "7"]
[White "Sazonova,A"]
[Black "Lichkun,D"]
[Result "0-1"]
[WhiteElo "2103"]
[BlackElo "1992"]

1.e4 d6 2.d4 g6 3.Nc3 Bg7 4.g3 Nd7 5.Bg2 e5 6.Nge2 Ne7 7.O-O O-O 8.h3 c6
9.a4 f5 10.Be3 h6 11.Qd2 Kh7 12.Rad1 fxe4 13.d5 Nf6 14.dxc6 d5 15.cxb7 Bxb7
16.Bc5 Re8 17.Nb5 Nc8 18.g4 a6 19.Nbc3 Qc7 20.Ba3 Nb6 21.b3 d4 22.Nb1 Nbd5
23.c4 e3 24.Qc1 Nf4 25.Nxf4 exf4 26.Rxd4 Bxg2 27.Kxg2 Nxg4 28.hxg4 f3+  0-1

[Event "ch-Commonwealth 2012"]
[Site "Chennai IND"]
[Date "2012.11.23"]
[Round "1"]
[White "Ding,Tze How Dilwen"]
[Black "Dzhumaev,M"]
[Result "0-1"]
[WhiteElo "1759"]
[BlackElo "2530"]

1.e4 g6 2.d4 Bg7 3.Nc3 d6 4.f4 Nd7 5.Nf3 c5 6.d5 a6 7.a4 Ngf6 8.Be2 O-O 9.Be3 Rb8
10.a5 b5 11.axb6 Qxb6 12.Ra2 Qc7 13.Nd2 e6 14.dxe6 fxe6 15.Bc4 Nb6 16.Bxa6 Bxa6
17.Rxa6 d5 18.Nb5 Qc6 19.Qe2 d4 20.Bf2 e5 21.fxe5 d3 22.Na7 Qb7 23.Qxd3 c4
24.Qa3 Nxe4 25.Rxb6 Qd5 26.Rd6 Nxd6 27.Qxd6 Qxg2 28.Rf1 Rbd8 29.Qb4 Kh8 30.e6 Rf5
31.Nxc4 Qe4+ 32.Be3 Rxf1+ 33.Kxf1 Qf3+ 34.Bf2 Rd1+ 35.Qe1 Bd4  0-1

[Event "22nd World Seniors Open"]
[Site "Kamena Vourla GRE"]
[Date "2012.11.23"]
[Round "10.29"]
[White "Zybura,Andre"]
[Black "Nielsen,PE2"]
[Result "1-0"]
[WhiteElo "1977"]
[BlackElo "2093"]

1.e4 d6 2.d4 g6 3.Nc3 Bg7 4.Bc4 Nd7 5.Nf3 h6 6.Be3 c6 7.a4 e6 8.Qd2 Ngf6
9.h3 d5 10.exd5 Nxd5 11.Nxd5 exd5 12.Bd3 Nf6 13.O-O Be6 14.Ne5 Qc8 15.Kh2 Ne4
16.Bxe4 dxe4 17.f3 exf3 18.Rxf3 h5 19.Bg5 Bf5 20.Qb4 f6 21.Nxg6 Bxg6 22.Re1+ Kf7
23.Qc4+ Kf8 24.Bxf6 Bxf6 25.Rxf6+ Kg7 26.Rxg6+ Kxg6 27.Re6+ Kg7 28.Re7+ Kh6
29.Qf7 Rg8 30.Qh7+ Kg5 31.Re5+ Kf6 32.Qe7+ Kg6 33.Rg5+ Kh6 34.Qf6+ Kh7 35.Rxh5+  1-0

[Event "22nd World Seniors Women"]
[Site "Kamena Vourla GRE"]
[Date "2012.11.24"]
[Round "11.2"]
[White "Miednikova,S"]
[Black "Khmiadashvili,T"]
[Result "1/2-1/2"]
[WhiteElo "2193"]
[BlackElo "2115"]

1.e4 g6 2.d4 Bg7 3.Nc3 d6 4.Be3 a6 5.Qd2 b5 6.Bd3 Nd7 7.a4 b4 8.Nce2 c5 9.c3 bxc3
10.bxc3 Ngf6 11.f3 Qc7 12.Nh3 e5 13.O-O O-O 14.Bh6 cxd4 15.Bxg7 Kxg7 16.cxd4 Qa7
17.Nf2 Rb8 18.Bc2 a5 19.dxe5 dxe5 20.Nc3 Ba6 21.Bd3 Nc5 22.Bxa6 Qxa6 23.Qe2 Qxe2
24.Nxe2 Rb4 25.Nc3 Rd8 26.Rfd1 Rdd4 27.Rxd4 exd4 28.Nb5 d3 29.Nc3 Rc4 30.Nfd1 Nfd7
31.Kf2 f5 32.exf5 gxf5 33.Rb1 Kg6 34.Rb5 Nxa4 35.Nxa4 Rxa4 36.Rd5 Ra2+ 37.Kf1 Nf6
38.Rxd3 Ra1 39.Ke2 h5 40.Nc3 h4 41.Ke3 Nh5 42.Rd6+ Kg5 43.Rd5 Kg6 44.Rd6+ Kg5
45.Rd5  1/2-1/2

[Event "22nd World Seniors Open"]
[Site "Kamena Vourla GRE"]
[Date "2012.11.24"]
[Round "11.16"]
[White "Frick,C"]
[Black "Sinelnikov,I"]
[Result "1-0"]
[WhiteElo "2264"]
[BlackElo "2090"]

1.e4 d6 2.Nc3 g6 3.d4 Bg7 4.f4 Nf6 5.Nf3 O-O 6.Bd3 Bg4 7.h3 Bxf3 8.Qxf3 Nc6
9.Be3 e5 10.dxe5 dxe5 11.f5 Nd4 12.Qf2 c5 13.g4 gxf5 14.gxf5 Kh8 15.O-O-O b5
16.Bxb5 Rb8 17.Bc4 Qb6 18.b3 Qa5 19.Rd3 Qa3+ 20.Kb1 Rb4 21.Ka1 Rfb8 22.Bc1 Qa5
23.Bb2 Rxc4 24.bxc4 Qb4 25.Rb1 Qxc4 26.Rg1 Qb4 27.Nd1 Nxe4 28.Qg2 Nxf5 29.Rb3 Ned6
30.a3 Qxb3 31.cxb3 h6 32.Ka2 c4 33.b4 Bf6 34.Nc3 Ne3 35.Qf3 Ndf5 36.Ne4  1-0

[Event "22nd World Seniors Open"]
[Site "Kamena Vourla GRE"]
[Date "2012.11.24"]
[Round "11.10"]
[White "Malmdin,N"]
[Black "Kakageldyev,A"]
[Result "0-1"]
[WhiteElo "2296"]
[BlackElo "2375"]

1.e4 g6 2.d4 Bg7 3.Nc3 d6 4.f4 Nf6 5.Nf3 O-O 6.a3 Na6 7.Be3 c5 8.dxc5 Nxc5
9.e5 Ng4 10.Bxc5 dxc5 11.h3 Ne3 12.Qe2 Nd5 13.Rd1 e6 14.Qd2 Qb6 15.b3 Bd7
16.Ne4 Bc6 17.Bc4 Ne7 18.Nf6+ Bxf6 19.exf6 Rfd8 20.Qc3 Rxd1+ 21.Kxd1 Bxf3+
22.Qxf3 Qd8+ 23.Kc1 Nc6 24.Qc3 Nd4 25.Kb2 Qxf6 26.g3 Kg7 27.a4 a6 28.g4 Qxf4
29.Rf1 Qe5 30.Re1 Qd6 31.h4 Kg8 32.h5 b5 33.Bd3 bxa4 34.hxg6 hxg6 35.bxa4 Rb8+
36.Ka2 Rb4 37.Bc4 Rxa4+ 38.Kb2 Rb4+ 39.Bb3 Nxb3 40.cxb3 c4  0-1

[Event "British Rapidplay"]
[Site "Leeds ENG"]
[Date "2012.11.24"]
[Round "1.1"]
[White "Hawkins,Jo"]
[Black "Clanchy,Nicholas"]
[Result "1-0"]
[WhiteElo "2511"]
[BlackElo "1728"]

1.d4 g6 2.e4 Bg7 3.Nc3 d6 4.Nf3 a6 5.Bd3 b5 6.O-O Nd7 7.Re1 c5 8.e5 cxd4
9.e6 f5 10.exd7+ Bxd7 11.Nd5 Bc6 12.Nf4 Qb6 13.Ne6 Bf6 14.Bf4 Kd7 15.a4 bxa4
16.Bc4 Rc8 17.Nexd4 Bxf3 18.Be6+ Kd8 19.Nxf3 Rb8 20.Rxa4 Bxb2 21.Qe2 Bc3
22.Rd1 a5 23.Qc4 Qb1 24.Qd3 Qb2 25.Bxd6  1-0

[Event "TCh-NED Meesterklasse 2012-13"]
[Site "Netherland NED"]
[Date "2012.11.24"]
[Round "4.3"]
[White "De Groote,E"]
[Black "Pel,B"]
[Result "1/2-1/2"]
[WhiteElo "2320"]
[BlackElo "2274"]

1.e4 d6 2.d4 g6 3.Nc3 Bg7 4.Bg5 a6 5.Qd2 Nd7 6.Nge2 b5 7.a4 b4 8.Nd5 a5 9.c3 bxc3
10.bxc3 Bb7 11.f3 h6 12.Bh4 g5 13.Bf2 e6 14.Ne3 Ne7 15.h4 Ng6 16.g3 gxh4
17.gxh4 h5 18.Ng2 Qf6 19.Rh3 Nb6 20.Nef4 Nxf4 21.Qxf4 Qe7 22.Bb5+ c6 23.Bd3 Bc8
24.Qd2 Bh6 25.Qe2 Nd7 26.Ne3 Nf8 27.e5 d5 28.Nc2 Rg8 29.Be3 Bxe3 30.Qxe3 Rb8
31.Kf2 Rb2 32.Qc1 Rb3 33.Ra3 Rb6 34.Ra1 Qb7 35.Rg3 Rxg3 36.Kxg3 Rb3 37.Ra3 Rxa3
38.Qxa3 Qb1 39.Qa1 Qb3 40.Qa3 Qb1 41.Qa1 Qb3 42.Ne3 Nd7 43.Bc2 Qb6 44.f4 f6
45.Qd1 fxe5 46.fxe5 Kd8 47.Bg6 Nxe5 48.Bxh5 Nd7 49.Bg4 Nf6 50.Bf3 Qb8+ 51.Kg2 Qf4
52.Ng4 Nxg4 53.Bxg4 e5 54.Bxc8 Kxc8 55.dxe5 Qxh4 56.Qd4 Qg5+ 57.Kf3 Kd7 58.Qa7+  1/2-1/2

[Event "TCh-SVK Extraliga 2012-13"]
[Site "Slovakia SVK"]
[Date "2012.11.24"]
[Round "3.2"]
[White "Zagrapan,P"]
[Black "Bezuch,M"]
[Result "1-0"]
[WhiteElo "2110"]
[BlackElo "2291"]

1.e4 g6 2.d4 Bg7 3.Nc3 d6 4.Bc4 a6 5.a4 Nd7 6.Nf3 h6 7.e5 e6 8.Qe2 d5 9.Bd3 c5
10.dxc5 Nxc5 11.Be3 Nxd3+ 12.Qxd3 Qc7 13.O-O Ne7 14.a5 Nc6 15.Bb6 Qe7 16.Rfe1 g5
17.Na4 g4 18.Bc5 Qd8 19.Nb6 Rb8 20.Nd2 Bxe5 21.Rad1 Qg5 22.c4 dxc4 23.Ndxc4 Bxh2+
24.Kxh2 g3+ 25.Qxg3 Qxc5 26.Nd6+ Ke7 27.Qg7 Qh5+ 28.Kg1 Bd7 29.Nxf7  1-0

[Event "4th OCF Thanksgiving"]
[Site "Stillwater USA"]
[Date "2012.11.24"]
[Round "6.4"]
[White "Zhong,Howard"]
[Black "Latino,C"]
[Result "1-0"]
[WhiteElo "1984"]
[BlackElo "1931"]

1.e4 g6 2.d4 Bg7 3.Nc3 d6 4.g3 c6 5.a4 Nf6 6.Bg2 O-O 7.Nge2 Na6 8.O-O Bg4
9.h3 Bd7 10.Re1 Qc8 11.Kh2 Nc7 12.Be3 e5 13.Qd2 Rd8 14.Red1 Ne6 15.f4 Nh5
16.Qe1 exf4 17.gxf4 Bh6 18.Qf2 Rf8 19.Rg1 Qd8 20.f5 Bxe3 21.Qxe3 Qg5 22.Qf2 Nef4
23.Bf3 Qh6 24.Qh4 Nxe2 25.Nxe2 Kh8 26.Bxh5 Qxh5 27.Qxh5 gxh5 28.Rg5 Rae8
29.Nc3 h6 30.Rxh5 Kh7 31.Rg1 Rg8 32.Rg4 Rxg4 33.hxg4 Rg8 34.Kg3 f6 35.Kf4 Re8
36.b3 Re7 37.Nd1 b5 38.axb5 cxb5 39.Rh2 a5 40.Nc3 a4 41.bxa4 bxa4 42.Rh1 Bc6
43.Ra1 Ra7 44.Ra3 Kg7 45.Nb1 Rb7 46.Nd2 Rb4 47.c3 Rb2 48.Ke3 h5 49.gxh5 Kh6
50.Nc4 Rb3 51.Rxb3 axb3 52.Nb2 Kxh5 53.Kf4 Kh6 54.c4 Kg7 55.d5 Be8 56.Ke3 Bh5
57.Kd3 Bf3 58.Na4 Kf8 59.Nc3 Ke8 60.Kd2 Bg2 61.Kd3 Kd7 62.Nb1 Kc7 63.Nd2 b2
64.Kc2 b1=Q+ 65.Kxb1 Kb6 66.Kc2 Kc5 67.Kd3 Kb4 68.Kd4 Bh1 69.Ke3 Kc5 70.Kd3 Kb4
71.Kd4 Bg2 72.Ke3 Kc5 73.Kf2 Bh3 74.Kg3 Bf1 75.Nxf1 Kxc4 76.Kf3  1-0

[Event "ch-Commonwealth 2012"]
[Site "Chennai IND"]
[Date "2012.11.25"]
[Round "4"]
[White "Aravindh,Chithambaram VR."]
[Black "Neelotpal,D"]
[Result "1/2-1/2"]
[WhiteElo "2311"]
[BlackElo "2467"]

1.e4 g6 2.d4 Bg7 3.Nc3 d6 4.f4 Nf6 5.Nf3 O-O 6.Be3 Na6 7.e5 Ng4 8.Bg1 c5
9.h3 cxd4 10.Qxd4 Nh6 11.g4 dxe5 12.Nxe5 f5 13.Qxd8 Rxd8 14.Bc4+ Kf8 15.Nb5 fxg4
16.hxg4 Nb4 17.Bb3 Nc6 18.g5 Nf5 19.Rxh7 Nxe5 20.fxe5 Bxe5 21.Bh2 Bg7 22.Nc7 Rb8
23.Be5 e6 24.Bf6 Bxf6 25.gxf6 Kg8 26.Re7 Rf8 27.O-O-O Rxf6 28.Rd8+ Rf8 29.Rxf8+ Kxf8
30.Re8+ Kg7 31.Bxe6 Nd6 32.Rd8 Kf6 33.Rxd6 Ke7 34.Rd1 Bxe6 35.Re1 Kd6 36.Rxe6+ Kxc7
37.Rxg6 Rh8 38.b3 b5 39.Kb2 Rh5 40.a3 Kb7 41.Kc3 a5 42.Rd6 Rg5 43.Rd4 Rg3+
44.Rd3 Rg4 45.Re3 Kb6 46.Re6+ Kb7 47.Kd3 Rh4 48.Re4 Rh2 49.Re2 Rh4 50.c4 bxc4+
51.bxc4 Rh1 52.Re5 Kb6 53.Re6+ Kc5 54.Re5+ Kb6 55.Rb5+ Ka6 56.Rd5 Rh3+ 57.Kd4 Rxa3
58.Kc5 Rc3 59.Rd6+ Kb7 60.Rb6+ Ka7 61.Rb1 a4 62.Ra1 a3 63.Kb4 Rh3 64.c5 Ka6
65.Rxa3+ Rxa3 66.Kxa3 Kb5 67.Kb3 Kxc5  1/2-1/2

[Event "12th Puhajarve Rapid 2012"]
[Site "Puhajarve EST"]
[Date "2012.11.25"]
[Round "26.5"]
[White "Liiva,R"]
[Black "Lapidus,M"]
[Result "1-0"]
[WhiteElo "2451"]
[BlackElo "2215"]

1.e4 d6 2.d4 g6 3.Nc3 Bg7 4.Be3 a6 5.Qd2 b5 6.a4 b4 7.Nd1 a5 8.f3 Nd7 9.c3 c5
10.Bb5 bxc3 11.bxc3 cxd4 12.cxd4 Ba6 13.Nc3 Nf6 14.e5 Ng8 15.exd6 exd6 16.Bf4 Ne7
17.Bxd6 O-O 18.Nge2 Re8 19.O-O Nf5 20.Bf4 Bxb5 21.Nxb5 Rc8 22.Rac1 Nf6 23.Rxc8 Qxc8
24.g4 Qc4 25.Nec3 Ne7 26.Nd6 Qb4 27.Nxe8 Nxe8 28.Be3 Nc7 29.Rb1 Qc4 30.Rb8+ Bf8
31.Bh6 Ne6 32.d5 Qc7 33.Qb2 Nd8 34.Bxf8 Kxf8 35.Qb6 Qxb6+ 36.Rxb6 Ke8 37.Rb5 Kd7
38.Rxa5 Nb7 39.Rb5 Nd6 40.Rb4 Kc8 41.a5  1-0

[Event "22nd TCh-SLO 2012"]
[Site "Slovenia SLO"]
[Date "2012.11.25"]
[Round "3"]
[White "Zupancic,U"]
[Black "Navinsek,T"]
[Result "0-1"]
[WhiteElo "1924"]
[BlackElo "2278"]

1.e4 g6 2.d4 Bg7 3.Nc3 d6 4.g3 Nf6 5.Bg2 O-O 6.Nge2 Nbd7 7.O-O c5 8.h3 a6
9.Be3 Qc7 10.f4 cxd4 11.Bxd4 e5 12.Be3 b5 13.fxe5 dxe5 14.Bg5 b4 15.Nd5 Nxd5
16.Qxd5 Bb7 17.Qb3 a5 18.c3 Nc5 19.Qc2 Ne6 20.Bf6 Ba6 21.Bxg7 Kxg7 22.Rf2 Rac8
23.Rc1 Qb6 24.Bf1 Qe3 25.Qb1 Bd3 26.Qa1 Ng5 27.cxb4 Nxe4  0-1

[Event "ch-Commonwealth 2012"]
[Site "Chennai IND"]
[Date "2012.11.27"]
[Round "7"]
[White "Nandhidhaa,P"]
[Black "Rajesh,VA"]
[Result "0-1"]
[WhiteElo "2166"]
[BlackElo "2370"]

1.e4 d6 2.d4 g6 3.Nc3 Bg7 4.Nf3 Nf6 5.Be3 O-O 6.Qd2 c6 7.O-O-O b5 8.e5 dxe5
9.Nxe5 Qa5 10.Kb1 b4 11.Ne2 Ne4 12.Qe1 c5 13.Nc1 Bb7 14.Nb3 Qc7 15.Bf4 g5
16.Bc1 cxd4 17.Nf3 e5 18.Bd3 f5 19.Nxg5 Nxg5 20.Bxg5 a5 21.f3 a4 22.Nc1 Na6
23.Qg3 Kh8 24.Qh3 e4 25.Bxa6 Rxa6 26.fxe4 Bxe4 27.Rd2 Rc8 28.Nd3 b3 29.Re1 bxc2+
30.Kc1 a3 31.Qg3 axb2+ 32.Nxb2 Qxg3 33.hxg3  0-1

[Event "XXVI Belgrade Trophy 2012"]
[Site "Belgrade SRB"]
[Date "2012.11.29"]
[Round "6.34"]
[White "Vucinic,G"]
[Black "Ugrenovic,Aleksandar"]
[Result "1-0"]
[WhiteElo "2212"]
[BlackElo "1950"]

1.e4 g6 2.d4 Bg7 3.Nc3 d6 4.Be3 Nf6 5.f3 Nc6 6.Nge2 e5 7.d5 Ne7 8.Qd2 h6
9.O-O-O a6 10.Kb1 b5 11.a3 Nd7 12.h4 Nb6 13.Nc1 f5 14.exf5 Nxf5 15.Bf2 O-O
16.Bd3 Qe8 17.Be4 Ne7 18.g4 Nc4 19.Qe2 a5 20.a4 Ba6 21.axb5 Bxb5 22.Bd3 Na3+  1-0

[Event "TCh-AUT 2 East 2012-13"]
[Site "Austria AUT"]
[Date "2012.12.01"]
[Round "5.5"]
[White "Prager,Michael"]
[Black "Bezuch,M"]
[Result "0-1"]
[WhiteElo "1996"]
[BlackElo "2291"]

1.e4 g6 2.d4 Bg7 3.Nc3 d6 4.Be3 a6 5.Qd2 Nd7 6.Bd3 b5 7.f4 Bb7 8.Nf3 c5 9.O-O Ngf6
10.e5 Ng4 11.dxc5 dxe5 12.fxe5 Bxf3 13.Rxf3 Ndxe5 14.Rff1 Nxd3 15.cxd3 Nxe3
16.Qxe3 Bd4  0-1

[Event "XXVI Belgrade Trophy 2012"]
[Site "Belgrade SRB"]
[Date "2012.12.01"]
[Round "8.7"]
[White "Sarenac,D"]
[Black "Indjic,A"]
[Result "1-0"]
[WhiteElo "2308"]
[BlackElo "2511"]

1.e4 g6 2.d4 Bg7 3.Nc3 d6 4.Bg5 a6 5.Qd2 b5 6.f3 Nd7 7.h4 h5 8.a4 b4 9.Nd5 a5
10.Bc4 c6 11.Ne3 Ngf6 12.Ne2 Bb7 13.Bd3 c5 14.dxc5 Nxc5 15.Bb5+ Nfd7 16.Nc4 Qc7
17.Nf4 Kf8 18.Rb1 Nb6 19.Ne3 e6 20.g4 Ncxa4 21.gxh5 Nc3 22.hxg6 Nxb1 23.Qh2 Ba6
24.Bc6 Be5 25.Bxa8 Nxa8 26.h5 b3 27.h6 Ke8 28.g7 Bxb2 29.gxh8=Q+ Bxh8 30.cxb3 Qc5
31.Kf2 Nd2 32.Nxe6 fxe6 33.Qh5+ Kd7 34.Qf7+ Kc6 35.Qe8+ Kb7 36.Qxh8 Nc7 37.Qg7 Qb5
38.Re1 Qb4 39.Rd1  1-0

[Event "4th London Classic Open"]
[Site "London ENG"]
[Date "2012.12.01"]
[Round "1"]
[White "Sadzikowski,D"]
[Black "Millward,R"]
[Result "1-0"]
[WhiteElo "2449"]
[BlackElo "2048"]

1.d4 g6 2.e4 Bg7 3.Nc3 d6 4.f4 e5 5.dxe5 dxe5 6.Qxd8+ Kxd8 7.Nf3 exf4 8.Bxf4 Bxc3+
9.bxc3 Be6 10.Ng5 Nd7 11.Nxe6+ fxe6 12.O-O-O Nf6 13.Bc4 Re8 14.Bg5 Kc8 15.Rhf1 Nxe4
16.Bxe6 Nd6 17.Bh3 Rg8 18.Rxd6 cxd6 19.Rf7 Kc7 20.Rxd7+ Kc6 21.Rxh7 Raf8
22.Bg4 d5 23.Bf3  1-0

[Event "TCh-SWE Elite 2012-13"]
[Site "Sweden SWE"]
[Date "2012.12.01"]
[Round "4"]
[White "Rahul Kumar,P"]
[Black "Nilsson,Andr"]
[Result "1-0"]
[WhiteElo "2159"]
[BlackElo "2235"]

1.e4 g6 2.d4 Bg7 3.Nc3 d6 4.Bc4 Nf6 5.Bb3 Nc6 6.Nge2 a6 7.a4 O-O 8.f3 b6
9.Be3 e5 10.Qd2 Bd7 11.h4 Nh5 12.Bg5 Qc8 13.Nd5 exd4 14.Rg1 Re8 15.O-O-O Na5
16.g4 Nxb3+ 17.cxb3 d3 18.Nec3 h6 19.Bxh6 Nf6 20.Bxg7 Kxg7 21.Nxf6 Kxf6 22.Qh6 Be6
23.e5+ Ke7 24.Rxd3 Rh8 25.Qg5+ Kd7 26.exd6 c5 27.Qe7+ Kc6 28.d7 Qc7 29.Rgd1 Qf4+
30.Kb1 Rad8 31.Ne4 a5 32.Nf6 Kb7 33.Ne8 Qb8 34.Nd6+ Ka6 35.Nxf7 Bxf7 36.Qxf7 Rxh4
37.Qxg6 Rhh8 38.Rd6 Ka7 39.g5 Rhg8 40.Qxg8 Rxg8 41.d8=Q Rxd8 42.Rxd8  1-0

[Event "TCh-HUN 2012-13"]
[Site "Budapest HUN"]
[Date "2012.12.02"]
[Round "5"]
[White "Mester,G"]
[Black "Soos,A"]
[Result "1-0"]
[WhiteElo "2394"]
[BlackElo "2384"]

1.d4 g6 2.e4 Bg7 3.Nc3 d6 4.Bg5 c5 5.dxc5 Qa5 6.Qd2 Qxc5 7.Nd5 Be6 8.Be3 Qc8
9.Bd4 Nf6 10.Nxf6+ exf6 11.Bc3 O-O 12.Nf3 Rd8 13.Qf4 f5 14.Bxg7 Kxg7 15.O-O-O fxe4
16.Ng5 d5 17.Qh4 h6 18.Nxe6+ fxe6 19.Qe7+ Kg8 20.Qf6 Nc6 21.Qxg6+ Kf8 22.Qxh6+ Ke7
23.Qh7+ Kd6 24.Qxe4 Rf8 25.f4 Qd8 26.g3 Qa5 27.a3 b5 28.Bh3 Rfe8 29.Bxe6  1-0

[Event "4th London Classic Open"]
[Site "London ENG"]
[Date "2012.12.02"]
[Round "2"]
[White "Dukaczewski,P"]
[Black "White,A"]
[Result "1-0"]
[WhiteElo "2274"]
[BlackElo "2112"]

1.e4 g6 2.d4 Bg7 3.Nc3 d6 4.f4 Nf6 5.Nf3 O-O 6.Bd3 Nc6 7.e5 dxe5 8.fxe5 Ng4
9.Be2 f6 10.e6 f5 11.h3 Qd6 12.hxg4 Qg3+ 13.Kf1 Bxd4 14.Qe1 Qxe1+ 15.Kxe1 fxg4
16.Ng5 Nb4 17.Kd1 Rd8 18.Nf7 Bxe6 19.Nxd8 Rxd8 20.Bd3 Bf5 21.Ke2 Nxc2 22.Bxc2 Bxc2
23.Be3 Be5 24.Rhe1 b5 25.Rac1 Bd3+ 26.Kf2 b4 27.Ne2 Bh2 28.g3 Be4 29.Bf4 g5
30.Bxc7 Rd3 31.Ng1 Bxg1+ 32.Kxg1 Bf3 33.Rxe7  1-0

[Event "4th London Classic Open"]
[Site "London ENG"]
[Date "2012.12.03"]
[Round "3"]
[White "Coleman,D"]
[Black "McKenna,Jas"]
[Result "0-1"]
[WhiteElo "2268"]
[BlackElo "2102"]

1.e4 g6 2.d4 Bg7 3.Nc3 d6 4.f4 Nf6 5.Nf3 O-O 6.Be3 b6 7.Bc4 Bb7 8.e5 Ng4
9.Bg1 c5 10.e6 f5 11.Bd5 Bxd5 12.Nxd5 Nc6 13.c3 Nf6 14.Nxf6+ Bxf6 15.d5 Na5
16.Bf2 b5 17.Qe2 Rb8 18.O-O Qc7 19.Rac1 Nc4 20.b3 Nb6 21.Rfd1 a6 22.Ne1 Qb7
23.Qf3 Rbc8 24.Nc2 a5 25.Ne3 a4 26.Rd2 axb3 27.axb3 Ra8 28.g4 fxg4 29.Qxg4 Kh8
30.Bh4 Ra3 31.Bxf6+ Rxf6 32.Rb1 Qa8 33.c4 Ra1 34.Rxa1 Qxa1+ 35.Kg2 Qc3 36.Re2 bxc4
37.Qg5 Qd3 38.Kf3 Kg7 39.h4 cxb3 40.Kf2 Qe4 41.Kg3 Nc4 42.f5 b2 43.Ng4 Qxe2
44.Qh6+ Kg8 45.Nxf6+ exf6 46.e7 Qxe7  0-1

[Event "4th London Classic Open"]
[Site "London ENG"]
[Date "2012.12.03"]
[Round "3"]
[White "Wheldon,P"]
[Black "Rudd,J"]
[Result "0-1"]
[WhiteElo "2103"]
[BlackElo "2288"]

1.e4 d6 2.d4 g6 3.Nc3 Bg7 4.Be3 a6 5.Qd2 h6 6.f4 e6 7.Nf3 Ne7 8.Bd3 Nd7 9.O-O-O b5
10.g4 Nb6 11.Qg2 b4 12.Ne2 d5 13.f5 dxe4 14.Bxe4 Nbd5 15.Bf2 exf5 16.gxf5 Bxf5
17.Ne5 O-O 18.Ng3 Bxe4 19.Qxe4 c6 20.h4 Qa5 21.h5 Qxa2 22.Nd3 Bf6 23.Rdg1 Bg5+
24.Kd1 Rae8 25.Ne2 Qb1+ 26.Nec1 Nc3+ 27.bxc3 Nd5  0-1

[Event "4th London Classic Open"]
[Site "London ENG"]
[Date "2012.12.03"]
[Round "3"]
[White "Semprun Martinez,F"]
[Black "Millward,K"]
[Result "1/2-1/2"]
[WhiteElo "2183"]
[BlackElo "1969"]

1.e4 g6 2.d4 Bg7 3.Nc3 d6 4.f4 a6 5.Nf3 b5 6.Bd3 Nd7 7.a4 b4 8.Ne2 Bb7 9.O-O Ngf6
10.Ng3 O-O 11.e5 Ne8 12.Qe1 a5 13.e6 Nb6 14.exf7+ Rxf7 15.c3 Qd7 16.Ng5 Rf6
17.f5 e5 18.fxe6 Qe7 19.N3e4 Rxf1+ 20.Qxf1 Nf6 21.Qe2 Re8 22.Bd2 Nxe4 23.Bxe4 Bxe4
24.Qxe4 bxc3 25.bxc3 Bf6 26.Nf7 Qxe6 27.Nh6+ Kg7 28.Qc6 Qd7 29.Qxd7+ Nxd7
30.Ng4 Re2 31.Bh6+ Kf7 32.Rf1 Ke6 33.d5+ Kxd5 34.Nxf6+ Nxf6 35.Rxf6 Kc4 36.Rf7 c5
37.Bf8 Rd2 38.Ra7 Kxc3 39.Rxa5 c4 40.Ra8 d5 41.a5 Kd3 42.a6 c3 43.a7 Ra2
44.Rd8 Rxa7 45.Rxd5+ Ke2 46.Re5+ Kd1 47.Bh6 c2 48.Rd5+ Ke1 49.Rc5 Ra2 50.h3 Kd1
51.Kh2 Ra3 52.Rc7 Rd3 53.Rxh7 Rd5 54.Rc7 g5 55.h4 c1=Q 56.Rxc1+ Kxc1 57.Bxg5+ Kc2
58.Kg3 Kd3 59.Kg4 Ke4 60.Bf6 Rf5 61.Bg5 Ke5 62.Kh5 Rf2 63.g4 Rg2 64.Bc1 Ke6
65.g5 Kf7 66.Kh6 Rc2 67.Be3 Kg8 68.h5 Rc6+ 69.g6 Re6 70.Bf4 Re4 71.Kg5 Re1
72.h6 Rg1+ 73.Kf6 Rh1 74.g7 Rf1 75.Kg6 Rg1+ 76.Bg5 Rh1 77.Bf4 Rg1+ 78.Bg5 Rh1
79.Bf4  1/2-1/2

[Event "FSFMB December 2012"]
[Site "Budapest HUN"]
[Date "2012.12.05"]
[Round "4.2"]
[White "Mihajlova,D"]
[Black "Engelbrecht,I"]
[Result "1-0"]
[WhiteElo "1479"]
[BlackElo "1640"]

1.e4 g6 2.d4 d6 3.Nc3 Bg7 4.Be3 c6 5.Bd3 e5 6.Bc4 Nf6 7.dxe5 Ng4 8.e6 f5
9.Bd4 Qe7 10.Bxg7 Qxg7 11.h3 Nf6 12.Qxd6 fxe4 13.O-O-O Qe7 14.Nge2 Qxd6 15.Rxd6 Ke7
16.Rhd1 b5 17.Bb3 a5 18.a3 Ra6 19.Ng3 Ne8 20.Rd8 b4 21.Ncxe4 bxa3 22.Rxc8 axb2+
23.Kb1 a4 24.Ba2 Rb6 25.Nc5 a3 26.Nd7 Nd6 27.Rxh8 Nb5 28.Rxh7+ Ke8 29.Nf6+  1-0

[Event "4th London Classic Open"]
[Site "London ENG"]
[Date "2012.12.05"]
[Round "5"]
[White "Bermingham,Tony"]
[Black "Watson,Darrell A"]
[Result "0-1"]
[WhiteElo "1959"]
[BlackElo "1758"]

1.e4 g6 2.d4 Bg7 3.Nc3 d6 4.Be3 Nf6 5.Qd2 Ng4 6.Bg5 h6 7.Bh4 Nf6 8.h3 Na6
9.f4 c5 10.d5 O-O 11.Nf3 Nc7 12.a4 Rb8 13.Bd3 a6 14.O-O b5 15.axb5 axb5 16.Rfe1 c4
17.Bf1 Na6 18.Nd4 b4 19.Nd1 Nc5 20.Bxf6 exf6 21.Kh2 c3 22.bxc3 bxc3 23.Nxc3 Bd7
24.Bb5 Kh7 25.Ra7 Rb7 26.Rxb7 Nxb7 27.Rd1 f5 28.Bxd7 Qxd7 29.exf5 g5 30.Nce2 Nc5
31.fxg5 Be5+ 32.Kg1 Ne4 33.Qd3 Re8 34.Re1 Qa7 35.Kh1 Nxg5 36.h4 f6 37.hxg5 hxg5
38.Ne6 Rh8 39.N2d4 Kg8+ 40.Kg1 Rh5 41.Rd1 Qh7 42.Nf3 Qa7+ 43.Kf1 Bg3  0-1